000 00489nam a2200181Ia 4500
001 33358
003 IN-NITTTR
005 20251114233432.0
008 251113s9999||||xx |||||||||||||| ||eng||
040 _beng
040 _cIN-NITTTR
041 _aeng
082 _aQA76.87 .F644 2006eb
100 _aOrmondi, Amos R.
245 0 _aFPGA Implementations of Neural Networks /
_cOrmondi, Amos R., Rajapakse, Jagath Chandana.
700 _a Rajapakse, Jagath Chandana.
942 _2ddc
_cBK
999 _c35157
_d35157